Online
Catalog

Discurso pronunciado por el Dr. Mariano Germán Mejía :. : (Record no. 46609)

MARC details
000 -CABECERA
campo de control de longitud fija 00618nam a2200157 a 4500
001 - NÚMERO DE CONTROL
campo de control 000047121
005 - FECHA Y HORA DE LA ÚLTIMA TRANSACCIÓN
campo de control 20240301141933.0
008 - DATOS DE LONGITUD FIJA--INFORMACIÓN GENERAL
campo de control de longitud fija 180417s2016 dr 000 spa d
020 ## - NÚMERO INTERNACIONAL ESTÁNDAR DEL LIBRO
Número Internacional Estándar del Libro 9789945585179
040 ## - FUENTE DE LA CATALOGACIÓN
Centro catalogador/agencia de origen DO-SdBNP
Lengua de catalogación spa
Centro/agencia transcriptor BNPHU
100 1# - ENTRADA PRINCIPAL--NOMBRE DE PERSONA
Nombre de persona Germán M., Mariano,
Fechas asociadas al nombre 1946-
Forma completa/desarrollada del nombre (Germán Mejía)
9 (RLIN) 9311
245 #0 - MENCIÓN DE TÍTULO
Título Discurso pronunciado por el Dr. Mariano Germán Mejía :. :
Resto del título Presidente del Poder Judicial, en ocasión de la conmemoración del día del poder judicial, /
Mención de responsabilidad, etc. Mariano Germán Mejía.
260 ## - PUBLICACIÓN, DISTRIBUCIÓN, ETC.
Lugar de publicación, distribución, etc. Santo Domingo :
Nombre del editor, distribuidor, etc. Poder Judicial,
Fecha de publicación, distribución, etc. 2016.
300 ## - DESCRIPCIÓN FÍSICA
Extensión 75 p. ;
Dimensiones 22. 5cm.
590 ## - NOTA LOCAL (RLIN)
Nota local Inventariado,2018/DG
Holdings
Estado de retiro Estado de pérdida No para préstamo Código de colección Localización permanente Ubicación/localización actual Ubicación en estantería Fecha de adquisición Número de inventario Total de préstamos Signatura topográfica completa Código de barras Fecha visto por última vez Precio válido a partir de Tipo de ítem Koha
    Excluido de préstamo Patrimonio Dominicano General General Depósito 17.04.2018 LF1   47121-30 25.06.2020 25.06.2020 Libro y Folleto Colección Patrimonio Dominicano
    Excluido de préstamo Patrimonio Dominicano Patrimonio Dominicano Patrimonio Dominicano Depósito 17.04.2018 LF1   47121-10 25.06.2020 25.06.2020 Libro y Folleto Colección Patrimonio Dominicano
    Excluido de préstamo Patrimonio Dominicano Patrimonio Dominicano Patrimonio Dominicano Depósito 17.04.2018 LF1   47121-20 25.06.2020 25.06.2020 Libro y Folleto Colección Patrimonio Dominicano

Powered by Koha